Gopalakrashna Adiga (Record no. 115905)
[ view plain ]
| 000 -LEADER | |
|---|---|
| fixed length control field | 00888nam a2200277Ia 4500 |
| 003 - CONTROL NUMBER IDENTIFIER | |
| control field | OSt |
| 005 - DATE AND TIME OF LATEST TRANSACTION | |
| control field | 20250225104359.0 |
| 008 - FIXED-LENGTH DATA ELEMENTS--GENERAL INFORMATION | |
| fixed length control field | 210210b2006 xxu||||| |||| 00| 0 eng d |
| 020 ## - INTERNATIONAL STANDARD BOOK NUMBER | |
| International Standard Book Number | 8173028656 |
| 040 ## - CATALOGING SOURCE | |
| Transcribing agency | AL |
| 041 ## - LANGUAGE CODE | |
| Language code of text/sound track or separate title | Kannada |
| 082 ## - DEWEY DECIMAL CLASSIFICATION NUMBER | |
| Classification number | K894.9 PRAG |
| 100 ## - MAIN ENTRY--PERSONAL NAME | |
| Personal name | PRADHAN GURUDATTA Ed |
| 9 (RLIN) | 132045 |
| Dates associated with a name | ಗುರುದತ್ತ ಪ್ರಧಾನ್ |
| 245 ## - TITLE STATEMENT | |
| Title | Gopalakrashna Adiga |
| Remainder of title | ಗೋಪಾಲಕೃಷ್ಣ ಅಡಿಗ |
| 260 ## - PUBLICATION, DISTRIBUTION, ETC. | |
| Place of publication, distribution, etc. | Bengaluru |
| Name of publisher, distributor, etc. | Navakaranataka Prakashana |
| Date of publication, distribution, etc. | 2006 |
| 300 ## - PHYSICAL DESCRIPTION | |
| Extent | 110 |
| 650 ## - SUBJECT ADDED ENTRY--TOPICAL TERM | |
| Topical term or geographic name entry element | Kanjarpane |
| 9 (RLIN) | 132046 |
| 650 ## - SUBJECT ADDED ENTRY--TOPICAL TERM | |
| Topical term or geographic name entry element | Gopalakrashna |
| 9 (RLIN) | 132047 |
| 650 ## - SUBJECT ADDED ENTRY--TOPICAL TERM | |
| Topical term or geographic name entry element | by |
| 9 (RLIN) | 132048 |
| 650 ## - SUBJECT ADDED ENTRY--TOPICAL TERM | |
| Topical term or geographic name entry element | Balasubrahmanya |
| 9 (RLIN) | 132049 |
| 650 ## - SUBJECT ADDED ENTRY--TOPICAL TERM | |
| Topical term or geographic name entry element | Adiga |
| 9 (RLIN) | 132050 |
| 690 ## - LOCAL SUBJECT ADDED ENTRY--TOPICAL TERM (OCLC, RLIN) | |
| Topical term or geographic name as entry element | Kannada Criticism |
| 9 (RLIN) | 132051 |
| 700 ## - ADDED ENTRY--PERSONAL NAME | |
| Personal name | Balasubrahmanya Kanjarpane |
| Dates associated with a name | ಬಾಲಸುಬ್ರಹ್ಮಣ್ಯ ಕಂಜರ್ಪಣೆ |
| 9 (RLIN) | 202519 |
| 906 ## - LOCAL DATA ELEMENT F, LDF (RLIN) | |
| a | 061849 |
| 942 ## - ADDED ENTRY ELEMENTS (KOHA) | |
| Source of classification or shelving scheme | Dewey Decimal Classification |
| Koha item type | Book |
| Withdrawn status | Lost status | Source of classification or shelving scheme | Damaged status | Not for loan | Collection code | Home library | Current library | Date acquired | Source of acquisition | Cost, normal purchase price | Total Checkouts | Full call number | Barcode | Date last seen | Price effective from | Koha item type |
|---|---|---|---|---|---|---|---|---|---|---|---|---|---|---|---|---|
| Dewey Decimal Classification | Kannada | St Aloysius Library | St Aloysius Library | 02/17/2021 | Navakarnataka Publication Pvt Ltd., Mangalore. | 60.00 | K894.9 PRAG | 061849 | 02/17/2021 | 02/17/2021 | Book |